<?xml version="1.0" encoding="UTF-8"?><?xml-stylesheet type="text/xsl" href="static/style.xsl"?><OAI-PMH xmlns="http://www.openarchives.org/OAI/2.0/" xmlns:xsi="http://www.w3.org/2001/XMLSchema-instance" xsi:schemaLocation="http://www.openarchives.org/OAI/2.0/ http://www.openarchives.org/OAI/2.0/OAI-PMH.xsd"><responseDate>2026-06-03T14:36:35Z</responseDate><request verb="GetRecord" identifier="oai:riuma.uma.es:10630/19645" metadataPrefix="marc">https://riuma.uma.es/rest/oai/request</request><GetRecord><record><header><identifier>oai:riuma.uma.es:10630/19645</identifier><datestamp>2026-02-03T12:14:06Z</datestamp><setSpec>com_10630_2254</setSpec><setSpec>col_10630_37959</setSpec></header><metadata><record xmlns="http://www.loc.gov/MARC21/slim" xmlns:dcterms="http://purl.org/dc/terms/" xmlns:doc="http://www.lyncode.com/xoai" xmlns:xsi="http://www.w3.org/2001/XMLSchema-instance" xsi:schemaLocation="http://www.loc.gov/MARC21/slim http://www.loc.gov/standards/marcxml/schema/MARC21slim.xsd">
   <leader>00925njm 22002777a 4500</leader>
   <datafield ind2=" " ind1=" " tag="042">
      <subfield code="a">dc</subfield>
   </datafield>
   <datafield ind2=" " ind1=" " tag="720">
      <subfield code="a">Villena-Alarcón, Eduardo Antonio</subfield>
      <subfield code="e">author</subfield>
   </datafield>
   <datafield ind2=" " ind1=" " tag="720">
      <subfield code="a">Pérez-Ordóñez, Cristina de los Ángeles</subfield>
      <subfield code="e">author</subfield>
   </datafield>
   <datafield ind2=" " ind1=" " tag="260">
      <subfield code="c">2020-07-10</subfield>
   </datafield>
   <datafield ind2=" " ind1=" " tag="520">
      <subfield code="a">La amplia penetración en la sociedad de las redes sociales y su influencia en los entornos educativos ha favorecido la aparición de nuevas metodologías con el aprendizaje colaborativo como elemento central a la hora de generar conocimiento. Ante esto y frente a la necesidad de implementar los social media de forma adecuada como una herramienta más de enseñanza, el consiguiente texto se ocupa de pergeñar una actividad docente que promueva el uso de Instagram a través de la experiencia en la asignatura de Dirección de Arte y Gráfica Publicitaria. Por consiguiente, se apuesta aquí por el aprovechamiento del potencial que este instrumento presenta a nivel audiovisual al igual que se pretende ofrecer una alternativa a la hora de evaluar el uso y las percepciones de los estudiantes de este tipo de tecnología.</subfield>
   </datafield>
   <datafield ind1="8" ind2=" " tag="024">
      <subfield code="a">https://hdl.handle.net/10630/19645</subfield>
   </datafield>
   <datafield tag="653" ind2=" " ind1=" ">
      <subfield code="a">Medios sociales</subfield>
   </datafield>
   <datafield tag="653" ind2=" " ind1=" ">
      <subfield code="a">Redes sociales en internet</subfield>
   </datafield>
   <datafield tag="653" ind2=" " ind1=" ">
      <subfield code="a">Aprendizaje</subfield>
   </datafield>
   <datafield ind2="0" ind1="0" tag="245">
      <subfield code="a">Redes sociales en el aprendizaje colaborativo: el uso de Instagram en la asignatura Dirección de Arte y Gráfica Publicitaria</subfield>
   </datafield>
</record>
</metadata></record></GetRecord></OAI-PMH>